<?xml version="1.0" encoding="UTF-8"?>
<collection xmlns="http://www.loc.gov/MARC21/slim">
<record>
  <controlfield tag="001">111231</controlfield>
  <controlfield tag="005">20220309093111.0</controlfield>
  <datafield tag="037" ind1=" " ind2=" ">
    <subfield code="a">TAZ-TFG-2021-788</subfield>
  </datafield>
  <datafield tag="041" ind1=" " ind2=" ">
    <subfield code="a">spa</subfield>
  </datafield>
  <datafield tag="100" ind1="1" ind2=" ">
    <subfield code="a">Beltrán Velamazán, Julio</subfield>
  </datafield>
  <datafield tag="242" ind1="0" ind2="0">
    <subfield code="a">Therapeutic alternatives to pharmacological treatment in refractory epilepsy: a review</subfield>
  </datafield>
  <datafield tag="245" ind1="0" ind2="0">
    <subfield code="a">Alternativas terapéuticas al tratamiento farmacológico en la epilepsia refractaria</subfield>
  </datafield>
  <datafield tag="260" ind1=" " ind2=" ">
    <subfield code="a">Zaragoza</subfield>
    <subfield code="b">Universidad de Zaragoza</subfield>
    <subfield code="c">2021</subfield>
  </datafield>
  <datafield tag="506" ind1=" " ind2=" ">
    <subfield code="a">by-nc-sa</subfield>
    <subfield code="b">Creative Commons</subfield>
    <subfield code="c">3.0</subfield>
    <subfield code="u">http://creativecommons.org/licenses/by-nc-sa/3.0/</subfield>
  </datafield>
  <datafield tag="520" ind1=" " ind2=" ">
    <subfield code="a">La epilepsia es una enfermedad neurológica caracterizada por descargas eléctricas neuronales recurrentes, bruscas, y anormales por su intensidad e hipersincronía. A pesar de la eficacia del tratamiento farmacológico, alrededor del 25-30% de los casos no se controlan de manera adecuada (epilepsia refractaria), siendo necesario implantar otras alternativas que lo permitan, adquiriendo estas una gran importancia a nivel terapéutico. &lt;br />Un bajo porcentaje (20-40%) de los pacientes refractarios son candidatos a resolución quirúrgica, al presentar una epilepsia focal, pero en tan solo el 58 % habrá una reducción total de las crisis. Esto sumado a las complicaciones y efectos secundarios post-quirúrgicos, plantea el uso de técnicas de cirugía de mínima invasión, como la termoablación, una prometedora alternativa que aumente el rango de pacientes candidatos a cirugía y reduzca las complicaciones asociadas a esta. &lt;br />En pacientes refractarios no candidatos a resolución quirúrgica, existen otras alternativas para el control de las crisis epilépticas donde se engloban la estimulación del nervio vago (VNS), por vía subcutánea o transcoclear, el neuroestimulador implantable y la estimulación cerebral profunda. &lt;br />Otra alternativa, de elección preferente en pacientes pediátricos y/o asociados a algún trastorno metabólico, es la implantación de la dieta cetogénica, que a pesar de su eficacia presenta efectos secundarios inmediatos y a largo plazo que deben ser revisados con mayor periodicidad. &lt;br />&lt;br /></subfield>
  </datafield>
  <datafield tag="521" ind1=" " ind2=" ">
    <subfield code="a">Graduado en Medicina</subfield>
  </datafield>
  <datafield tag="540" ind1=" " ind2=" ">
    <subfield code="a">Derechos regulados por licencia Creative Commons</subfield>
  </datafield>
  <datafield tag="700" ind1=" " ind2=" ">
    <subfield code="a">García Barrios, Alberto</subfield>
    <subfield code="e">dir.</subfield>
  </datafield>
  <datafield tag="710" ind1="2" ind2=" ">
    <subfield code="a">Universidad de Zaragoza</subfield>
    <subfield code="b"> </subfield>
    <subfield code="c"></subfield>
  </datafield>
  <datafield tag="856" ind1="0" ind2=" ">
    <subfield code="f">721946@unizar.es</subfield>
  </datafield>
  <datafield tag="856" ind1="4" ind2=" ">
    <subfield code="s">1029648</subfield>
    <subfield code="u">http://zaguan.unizar.es/record/111231/files/TAZ-TFG-2021-788.pdf</subfield>
    <subfield code="y">Memoria (spa)</subfield>
  </datafield>
  <datafield tag="909" ind1="C" ind2="O">
    <subfield code="o">oai:zaguan.unizar.es:111231</subfield>
    <subfield code="p">driver</subfield>
    <subfield code="p">trabajos-fin-grado</subfield>
  </datafield>
  <datafield tag="950" ind1=" " ind2=" ">
    <subfield code="a"></subfield>
  </datafield>
  <datafield tag="980" ind1=" " ind2=" ">
    <subfield code="a">TAZ</subfield>
    <subfield code="b">TFG</subfield>
    <subfield code="c">MED</subfield>
  </datafield>
  <datafield tag="999" ind1=" " ind2=" ">
    <subfield code="a">20210527124021.CREATION_DATE</subfield>
  </datafield>
  <datafield tag="951" ind1=" " ind2=" ">
    <subfield code="a">deposita:2022-03-09</subfield>
  </datafield>
</record>
</collection>